Statistiques concernant Mots par définition #5 - Meubles

Cliquez ici pour prendre le quiz!

Statistiques générales

  • Ce quiz a été pris 191 fois
  • Le résultat moyen est 11 sur 15

Statistiques - réponses

GenreDéfinitionMeuble% Correct
Nom FémininMeuble composé d'un plateau horizontal reposant sur un ou plusieurs pieds ou supports.Table
98%
Nom MasculinMeuble sur lequel on se couche pour dormir ou se reposer.Lit
95%
Nom FémininMeuble à rayonnages dans lequel sont rangés les livres.Bibliothèque
93%
Nom MasculinMeuble comportant une table pour écrire et des compartiments de rangement.Bureau
93%
Nom MasculinSiège à dossier et à bras pour une personne.Fauteuil
93%
Nom MasculinLong siège à dossier et accotoirs, pour plusieurs personnes.Canapé
92%
Nom MasculinSiège à piétement, sans bras ni dossier.Tabouret
91%
Nom FémininMeuble de rangement, plus haut que large, subdivisé intérieurement par des tablettes et fermé par une ou plusieurs portes (qui parfois portent une glace).Armoire
90%
Nom MasculinMeuble d'appartement contenant de quoi préparer les boissons.Bar
77%
Nom FémininPetite table pour les soins de beauté, munie d'un miroir ainsi que de tiroirs ou casiers.Coiffeuse
66%
Nom MasculinSiège allongé pour plusieurs personnes, avec ou sans dossier, en général non rembourré.Banc
58%
Nom MasculinMeuble généralement à deux corps superposés, dont l'un, celui du bas, plus profond, est réservé à la vaisselle, et l'autre, celui du haut, à la verrerie.Buffet
58%
Nom MasculinMeuble d'équipement surtout scolaire, petite table à dessus incliné sous lequel peut être ménagée une case.Pupitre
43%
Nom FémininCoffre haut et étroit dans lequel on conserve le pain.Huche
35%
Nom MasculinTable ronde (ou parfois ovale) le plus souvent à piétement central ou à trois pieds.Guéridon
31%

Distribution des résultats

Percentile par nombre de réponses

% des personnes avec chaque résultat

Votre développement - résultats

Vous n’avez pas pris ce quiz